Gatt : Studies in international trade

Na minha lista:
Detalhes bibliográficos
Formato: Livro
Idioma:Undetermined
Publicado em: Geneva General Agreement on Tariffs and Trade 1972
Assuntos:
Tags: Adicionar Tag
Sem tags, seja o primeiro a adicionar uma tag!
Thư viện lưu trữ: Trung tâm Học liệu Trường Đại học Cần Thơ
LEADER 00495nam a2200181Ia 4500
001 CTU_81787
008 210402s9999 xx 000 0 und d
082 |a 382 
082 |b G262 
245 0 |a Gatt : 
245 0 |b Studies in international trade 
260 |a Geneva 
260 |b General Agreement on Tariffs and Trade 
260 |c 1972 
650 |a Manufacturing industries 
650 |z United states 
904 |i Trọng Hải 
980 |a Trung tâm Học liệu Trường Đại học Cần Thơ